Introduction to microeconomic theory (Record no. 8865)
[ view plain ]
| 000 -LEADER | |
|---|---|
| fixed length control field | 00518cam a2200217ua 4500 |
| 001 - CONTROL NUMBER | |
| control field | 9863 |
| 005 - DATE AND TIME OF LATEST TRANSACTION | |
| control field | 20260515114532.0 |
| 008 - FIXED-LENGTH DATA ELEMENTS--GENERAL INFORMATION | |
| fixed length control field | 161003n ii |||gr||||Z||||||eng |
| 020 ## - INTERNATIONAL STANDARD BOOK NUMBER | |
| International Standard Book Number | 8121922542 |
| 040 ## - CATALOGING SOURCE | |
| Transcribing agency | MAIN |
| 041 ## - LANGUAGE CODE | |
| Language code of text/sound track or separate title | eng |
| 082 ## - DEWEY DECIMAL CLASSIFICATION NUMBER | |
| Classification number | 338.5 |
| 100 ## - MAIN ENTRY--PERSONAL NAME | |
| Personal name | Ahuja, H.L., |
| Relator term | Author. |
| 245 ## - TITLE STATEMENT | |
| Title | Introduction to microeconomic theory |
| Statement of responsibility, etc. | By H.L. Ahuja |
| 250 ## - EDITION STATEMENT | |
| Edition statement | 3rd rev.ed. |
| 260 ## - PUBLICATION, DISTRIBUTION, ETC. | |
| Place of publication, distribution, etc. | New Delhi: |
| Name of publisher, distributor, etc. | S. Chand, |
| Date of publication, distribution, etc. | 2007. |
| 300 ## - PHYSICAL DESCRIPTION | |
| Extent | 229p. |
| 653 ## - INDEX TERM--UNCONTROLLED | |
| Uncontrolled term | Production |
| 653 ## - INDEX TERM--UNCONTROLLED | |
| Uncontrolled term | Microeconomics |
| 942 ## - ADDED ENTRY ELEMENTS (KOHA) | |
| Koha item type | Books |
| Withdrawn status | Lost status | Damaged status | Not for loan | Home library | Current library | Shelving location | Date acquired | Total checkouts | Full call number | Barcode | Date last seen | Copy number | Price effective from | Koha item type |
|---|---|---|---|---|---|---|---|---|---|---|---|---|---|---|
| Naharkatiya College Library | Naharkatiya College Library | General stacks | 09/19/2020 | 338.5 | AHU | 17201 | 09/19/2020 | 1 | 09/19/2020 | Books |